Markets (Record no. 83101)

MARC details
000 -LEADER
fixed length control field 01254cab a22002175a 4500
001 - CONTROL NUMBER
control field L152804
008 - FIXED-LENGTH DATA ELEMENTS--GENERAL INFORMATION
fixed length control field 110504e20110428xxk 000 0 eng d
035 ## - SYSTEM CONTROL NUMBER
System control number (Sirsi) u152804
041 0# - LANGUAGE CODE
Language code of text/sound track or separate title eng
100 1# - MAIN ENTRY--PERSONAL NAME
Personal name Eade, Christine
245 00 - TITLE STATEMENT
Title Markets
Remainder of title hotels
260 ## - PUBLICATION, DISTRIBUTION, ETC.
Date of publication, distribution, etc. 2011
490 #0 - SERIES STATEMENT
Series statement Property Week
Volume/sequential designation 77(17) 28 April 2011, 45-50(4)
520 ## - SUMMARY, ETC.
Summary, etc. Leamington Spa's consistenly unsuccessful Regency Arcade shopping centre is to be converted into a Premier Inn. Property developers almost unknown in their own industry are busy in the UK developing hotels by buying franchises of international hotel brands such as Hilton and InterContinental. Savills report s that foreign investment in UK hotels doubled in 2010, the majority of investors coming from Asia. New London hotels are arising from Victorian buildings: the Corinthia Hotel from the Old War Office, Whitehall Place and the as yet unnamed boutique hotel from the Bow Street magistrates' court , Covent Garden.
590 ## - LOCAL NOTE (RLIN)
Local note KA
651 #4 - SUBJECT ADDED ENTRY--GEOGRAPHIC NAME
Geographic name England
Chronological subdivision 886-
690 ## - LOCAL SUBJECT ADDED ENTRY--TOPICAL TERM (OCLC, RLIN)
Topical term or geographic name as entry element PROPERTY-COMMERCIAL PROPERTY-LEISURE PROPERTY-HOLIDAY AND GUEST PROPERTY-HOTEL PROPERTY-HOTELS
690 ## - LOCAL SUBJECT ADDED ENTRY--TOPICAL TERM (OCLC, RLIN)
Topical term or geographic name as entry element PROPERTY-COMMERCIAL PROPERTY-COMMERCIAL PROPERTY MARKET
700 1# - ADDED ENTRY--PERSONAL NAME
Personal name Schaefer-Suren, Jochen
942 ## - ADDED ENTRY ELEMENTS (KOHA)
Suppress in OPAC 0
Holdings
Withdrawn status Lost status Source of classification or shelving scheme Damaged status Not for loan Home library Current library Shelving location Date acquired Total Checkouts Full call number Barcode Date last seen Copy number Price effective from Koha item type
    Dewey Decimal Classification     London London Journal article 04/05/2011   L152804 152804-1001 06/08/2019 1 06/08/2019 Journal article